000 00630nam a2200205 4500
001 111372
003 ES-MaACL
005 20250829120100.0
007 t|
008 061121s1933 sp r ||||1| spa d
100 1 _aOlivares Figueroa, R.
_986773
245 1 3 _aEl estudio del niño y sus aplicaciones /
_cR. Olivares Figueroa.
260 _aMadrid :
_b[s.n.],
_c1933 (
_fGráf. Reunidas)
300 _a45 p. ;
_c17 cm.
490 1 _aCuadernos de cultura ;
_v90
650 4 _aNiños-
_xPsicología.
_915554
830 1 _aCuadernos de cultura
_v90
_9181245
852 _aES-MaACL
_j1937-F-1
999 _c111372
_d111372